00980nam a2200229 a 4500001001000000003000500010005001700015008004100032010001100073011001100084040000900095100004000104245020200144260004100346500006000387502009000447650004400537650003500581650003400616650003000650856007000680000113952CHAP20220329144420.0171010s2017 mx a fsm |||||||spa d a110413 a111385 cCHAP1 aVázquez Vázquez, Claudio Iván10aCaracterísticas físicas y químicas del esparrago (Asparagus officinnalis L.) producido en la comunidad de Elotepec, Huatusco, Veracruz /h[En línea]cpor Claudio Iván Vázquez Vázquez. aChapingo, Méx. :bEl autor,c2017. aPara ver el contenido del material haga clic en la liga aTesis (Ing. Agr. Esp. en Zonas Tropicales) -- UACH. Dirección de Centros Regionales14aEsparragoxFisiología y morfología.14aEsparragoxMercadeozVeracruz.14aEsparragoxNormas de calidad.14aEspárragoxRendimiento. aFinding aiduhttp://10.13.5.2/tesis/sist113952.pdfzTeclea aquí